000 00362nam a22001337a 4500
020 _qHB.
040 _cFIZZA ISHAQ
082 _a822.33
_bWIL
100 _aSHAKESPEARE,WILLIAM.
_911199
245 _aTHE TRAGEDY OF ROMEO AND JULIET /
_cWILLIAM SHAKESPEARE.
260 _aNEW YORK ;
_bMCDOUGAL LITTELL,
_c1997.
300 _a311 P. ;
_c8.5X5.5IN
942 _2ddc
_cBK
999 _c616380
_d616380